MDQL
is popping MORE tags! Check the
thread
!
Quizzes
Events
Quiz Creation
Community
Videos
Private Events
Remove Ads
Sign In
Join for FREE
Feedback
Dark Mode
Quiz Categories
Sports
Geography
Music
Movies
Television
Just For Fun
Miscellaneous
History
Literature
Language
Science
Gaming
Entertainment
Religion
Holiday
For Kids
Quiz Lab
Recent
Popular Today
Quiz Kudos Today
Editor Picks
Curator Picks
Quizzes by...
Day
Popularity
Type
Ratings
Length
Year
Community
Subscriptions
Recent Discussions
Orange Saloon
Badges
Playlists
Quests
Create
Leaderboards
Showdown
Live 5
Trivia Bingo
Activity
Puzzle Library
Sporcle Events
Private Events
Virtual Trivia
Globe League
Become a Host
Pub Owners
SporcleCon
Opinionation
Our Games
Videos
Blog
Mobile Apps
Partnerships
Remove Ads and Go Orange
Feedback
Sports
Athletes
MLB
NBA
NHL
NFL
Soccer
Sports Teams
WWE
NCAA
Football
Premier League
Basketball
Baseball
Hockey
Golf
Tennis
Cricket
Rugby
Auto Racing
Olympics
World Cup
Sports
Athletes
MLB
NBA
NHL
NFL
Soccer
Sports Teams
WWE
NCAA
Football
Premier League
Basketball
Baseball
Hockey
Golf
Tennis
Cricket
Rugby
Auto Racing
Olympics
World Cup
Random Quiz
Search Sporcle
×
Curator Pick
Curator Pick
Sports
NBA
Type in answers that appear in a list
Type in answers that appear in a list
Classic
Best Score? Go Orange.
2002 NBA Playoffs Starters Stats
Can you name the Game 1 starters for each team in the 2002 NBA Playoffs?
By
bigbill16
8m
80 Questions
6,063 Plays
6,063 Plays
6,063 Plays
Comments
Comments
Give Quiz Kudos
Give Quiz Kudos
-
- Ratings
hide this ad
More Info
Replay
Link that replays current quiz
Next Quiz
Link to next quiz in quiz playlist
You Got
0%
They Got
Avg Score
57%
Avg Friend Score
Upgrade to see
Score Distribution
Jump to the score distribution portion of the page
Score
0/80
Timer
08:00
0
Plays Today
% Correct
Jason Kidd
96.8%
Shaquille O'Neal
93.9%
Kobe Bryant
93.7%
Jermaine O'Neal
93.6%
Tim Duncan
91.6%
Kevin Garnett
91.4%
Ben Wallace
90.4%
Rasheed Wallace
90.3%
Dirk Nowitzki
90.2%
Allen Iverson
89.9%
Paul Pierce
89.7%
Karl Malone
89.1%
John Stockton
87.6%
Chauncey Billups
87.1%
Tony Parker
86.9%
Chris Webber
86.2%
Gary Payton
85.7%
David Robinson
84.5%
Clifford Robinson
84.3%
Reggie Miller
84.3%
Brad Miller
83.9%
Derek Fisher
83.9%
Mike Bibby
81%
Tracy McGrady
80.7%
Steve Nash
79%
Peja Stojakovic
76.2%
Antoine Walker
76%
Samaki Walker
75.9%
Vlade Divac
75.8%
Kenyon Martin
70.3%
Dikembe Mutombo
69.6%
Baron Davis
68.7%
Antonio Davis
68.6%
Dale Davis
68.6%
Rick Fox
67.1%
Michael Finley
65.4%
Alvin Williams
63.8%
Eric Williams
63.8%
Jerome Williams
63.8%
Monty Williams
63.7%
% Correct
Doug Christie
62.6%
Eric Snow
61.6%
Keith Van Horn
58.5%
Bruce Bowen
57.8%
Jerry Stackhouse
57.7%
Damon Stoudamire
57.4%
Ron Artest
55.9%
Kerry Kittles
54.9%
Steve Smith
54.4%
Jamaal Tinsley
48%
Jamal Mashburn
47.5%
Scottie Pippen
47.3%
Wally Szczerbiak
42.5%
P.J. Brown
42.3%
Kenny Anderson
41.4%
Horace Grant
36.6%
Andrei Kirilenko
35.3%
Jarron Collins
35%
Bonzi Wells
34.5%
David Wesley
34.5%
Bryon Russell
33.6%
Darrell Armstrong
30.2%
Morris Peterson
28.9%
Michael Curry
24.9%
Jerome James
23.6%
Desmond Mason
23.2%
Rasho Nesterovic
21%
Brent Barry
20.8%
Matt Harpring
20.3%
Derrick Coleman
19.4%
Raef LaFrentz
19.4%
Tony Battie
18.4%
Elden Campbell
16.1%
Chucky Atkins
15.7%
Todd MacCulloch
14.5%
Pat Garrity
11.1%
Sam Mitchell
9.4%
Eduardo Najera
8.2%
Keon Clark
8%
Predrag Drobnjak
3.2%
Quiz Playlist
Details
Report
Send in Message
Add To Playlist
More Info:
*Denotes NBA champion ^Denotes runner-up
Classic:
Type in answers that appear in a list
Last Updated: Feb 16, 2017
Curator Pick in
NBA
Quiz Scoreboard
CHALLENGE
Sign Up to Join the Scoreboard
Show All
Scores
Hide
Comments
May contain spoilers
Recently Published
5x2 Blitz: Bands
by SL_Kpop136
Music
30s
Colored Red Africa Blitz
by spor1
Geography
30s
Find the 'City' Movie
by crazypaving
Movies
60s
More to Explore
Quiz From the Vault
Featured Blog Post
14 Easter Pick-up Lines to Find Eggs With
hide this ad
You Might Also Like...
Tags
Basketball Quiz
NBA Quiz
2002
NBA Playoffs
Playoff
Starter
team
Today's Top Quizzes in Sports
Browse Sports
hide this ad
Today's Top Quizzes in NBA
Browse NBA
Top Contributed Quizzes in Sports
1
Les entraîneurs de l'OM et du PSG au 21e siècle
2
Les meilleurs buteurs des matchs entre le PSG et l’OM
3
Les joueurs passés par le PSG et l'OM
4
Players with Multiple 50 Home Run Seasons
5
2022 World Cup Stars
6
Criteria MLB: Left Handed Sluggers
7
NBA Logic Puzzle 2.0
8
MLB Players with Two .350 Batting Average Seasons
9
Top 10 NHL Goal Scorers of All Time
10
Les joueurs passés par le LOSC et le RC Lens
Explore More
Trending Topics
Anime
NBA
Marvel
Disney
Kpop
Harry Potter
Crossword
The Office
Song
Puzzle
Soccer
Country
WWE
Pokémon
NFL
hide this ad
More By:
bigbill16
Quiz
Plays
Rating
Category
Featured
Created
2015 NBA Playoffs Starters
25,861
4.66
Sports
Apr 21, 2015
2014 NBA Playoffs Starters
11,603
4.65
Sports
Apr 21, 2014
2002 NBA Playoffs Starters
6,063
4.60
Sports
Jun 26, 2013
2016 NBA Playoffs Starters
5,670
4.80
Sports
Apr 17, 2016
2013 NBA Playoffs Starters
4,167
4.91
Sports
Apr 22, 2013
Go to Creator's Profile
Score Distribution
Quiz Creator Spotlight
bigbill16
Follow
Send a Message
Quizzes Created
-
Created Quiz Play Count
-
More By This Creator
Popular Quizzes Today
1
Colored Red Africa Blitz
2
Find the 'City' Movie
3
Find the US States - No Outlines Minefield
4
5x2 Blitz: Bands
5
The Countries of the World
6
Find the US States
7
US States
8
Find the Countries of Europe - No Outlines Minefield
More Sports Quizzes
Minnesota Vikings Yearly Receiving Leaders
Quiz Lab
Trending Quizzes
Colored Red Europe Blitz I
Colored Red Africa Blitz II
Colored Red Europe Blitz II
Colored Red Europe Blitz III
Colored Red Africa Blitz III
Recently Updated
How Do You Spell That?
pecheneg
Godzilla Movies
pecheneg
Grab Bag: 4-10 Letters
pecheneg
2024 March Madness Bracket
pecheneg
Famous TV Couples
Peacemaker
Champions League XIs: Real Madrid
pecheneg
Largest US Cities 1790-2010
pecheneg
Rides in Walt Disney World
pecheneg
Most Oscar Losses (Acting)
pecheneg
Beyoncé Albums
pecheneg
Trending Topics
Kpop
Disney
Harry Potter
Marvel
NBA
Anime
Crossword
NFL
Soccer
Pokémon
Country
Puzzle
WWE
The Office
Song
Your Account Isn't Verified!
In order to create a playlist on Sporcle, you need to verify the email address you used during registration. Go to your
Sporcle Settings
to finish the process.
Report this User
Report this user for behavior that violates our
Community Guidelines
.
Details:
Send Report
Go to the Sporcle.com Mobile Site →
Comments